• 首页
  • 本馆介绍
  • 公告通知
  • 最新文献
  • 馆藏检索
  • 电子资源
  • 读者导购
  • 参考咨询
  • 我的图书馆
  • 登录
  • 详细信息显示
  • 放入我的书架
  • 预约/预借图书
  • 作者相关作品
  • 分类相关作品
  • 丛书相关作品
  • 出版社相关作品

书目信息

  • 表格格式
  • 工作单格式
  • 卡片格式
题名:
颜体楷书间架结构习字帖
    
 
作者: 柳溥庆 主编
分册:  
出版信息: 北京   北京出版社  1984
页数: 32页
开本: 26cm
丛书名: 初学者丛书
单 册:
中图分类: J292.33 , J292.11
科图分类:
主题词: 楷书-法帖--中国 , 法帖-楷书--中国 , 书法--中国 , 篆刻--中国
电子资源:
ISBN:
000 00790nam2 2200301 45
001 0197041284
005 20040520150124.3
010    @dCNY0.38
091    @a8071.497
100    @a19971125d1984 em y0chiy0121 ea
101 0  @achi
102    @aCN@b110000
105    @ay z 000yy
106    @ar
200 10 @a颜体楷书间架结构习字帖@AYan Ti Kai Shu Jian Jia Jie Gou Xi Zi Tie@f柳溥庆主编@FLiu Pu Qing Zhu Bian
210    @a北京@c北京出版社@d1984
215    @a32页@d26cm
225 2  @a初学者丛书
410  0 @120010@a初学者丛书
606    @a楷书-法帖@y中国
606    @a法帖-楷书@y中国
606 0  @a书法@x中国
606 0  @a篆刻@x中国
690    @aJ292.33@v3
690    @aJ292.11
701  0 @a柳溥庆@4主编
801  0 @aCN@bNLC@c19971210
905    @f1@b218024@dJ292.11@e204
    
    颜体楷书间架结构习字帖/柳溥庆主编.-北京:北京出版社,1984
    32页;26cm.-(初学者丛书)
    
    
    ISBN :CNY0.38
    
●
相关链接 在E读中查询图书 在五车中查询图书 在当当中查询图书 在豆瓣中查询图书


正题名:颜体楷书间架结构习字帖     索取号:J292.11/204         预约/预借

序号 登录号 条形码 馆藏地/架位号 状态 备注
1 0218024   001210638   第一借阅区/ [索取号:J292.11/204] 在馆    
2 0218025   001704267   第一样本阅览室/ [索取号:J292.11/204] 在馆    
唐山师范学院图书馆 欢迎您!
大连网信软件有限公司© 版权所有